书目信息 |
| 题名: |
钢铁记忆与遗产重生
|
|
| 作者: | 金文妍 , 徐洪斌 , 董先锐 著 | |
| 分册: | ||
| 出版信息: | 北京 中国建筑工业出版社 2019.12 |
|
| 页数: | 135页 | |
| 开本: | 26cm | |
| 丛书名: | ||
| 单 册: | ||
| 中图分类: | TU27 , TU2 | |
| 科图分类: | ||
| 主题词: | 工业建筑--gong ye jian zhu--文化遗产--保护--研究--济南 , 建筑设计 | |
| 电子资源: | ||
| ISBN: | 978-7-112-24254-2 | |
| 000 | 01357nam0 2200301 450 | |
| 001 | 2356331628 | |
| 005 | 20231124153908.53 | |
| 010 | @a978-7-112-24254-2@dCNY99.00 | |
| 100 | @a20191218d2019 em y0chiy50 ea | |
| 101 | 0 | @achi |
| 102 | @aCN@b110000 | |
| 105 | @aab a 000yy | |
| 200 | 1 | @a钢铁记忆与遗产重生@Agang tie ji yi yu yi chan chong sheng@e济南二钢工业遗存改造更新实录@f金文妍, 徐洪斌, 董先锐著 |
| 210 | @a北京@c中国建筑工业出版社@d2019.12 | |
| 215 | @a135页@c图, 地图@d26cm | |
| 314 | @a金文妍, 山东建筑大学建筑城规学院讲师。 | |
| 320 | @a有书目 | |
| 330 | @a本书是一本深度介绍工业建筑遗产从价值评估到改造更新的专业图书。立足于我国近现代建筑遗产保护利用的现状, 在归纳梳理工业建筑保护利用的理念和方法的基础上, 以济钢二分厂轧钢车间的改造更新为例, 通过大量历史资料、保护修缮的真实记录, 剖析工程实践难点和细节, 以及产业工人和主创人员的深度访谈, 多角度展现遗产保护利用的全过程, 为我国近现代遗产保护工作提供宝贵的典型案例。 | |
| 517 | 1 | @a济南二钢工业遗存改造更新实录@Aji nan er gang gong ye yi cun gai zao geng xin shi lu |
| 606 | 0 | @a工业建筑@Agong ye jian zhu@x文化遗产@x保护@x研究@y济南 |
| 606 | 0 | @a建筑设计 |
| 690 | @aTU27@v5 | |
| 690 | @aTU2@v4 | |
| 701 | 0 | @a金文妍@Ajin wen yan@4著 |
| 701 | 0 | @a徐洪斌@Axu hong bin@4著 |
| 701 | 0 | @a董先锐@Adong xian rui@4著 |
| 801 | @aCN@b山东中教@c20231121 | |
| 905 | @aBZT@dTU2@e57 | |
| 钢铁记忆与遗产重生:济南二钢工业遗存改造更新实录/金文妍, 徐洪斌, 董先锐著.-北京:中国建筑工业出版社,2019.12 |
| 135页:图, 地图;26cm |
| ISBN 978-7-112-24254-2:CNY99.00 |
| 本书是一本深度介绍工业建筑遗产从价值评估到改造更新的专业图书。立足于我国近现代建筑遗产保护利用的现状, 在归纳梳理工业建筑保护利用的理念和方法的基础上, 以济钢二分厂轧钢车间的改造更新为例, 通过大量历史资料、保护修缮的真实记录, 剖析工程实践难点和细节, 以及产业工人和主创人员的深度访谈, 多角度展现遗产保护利用的全过程, 为我国近现代遗产保护工作提供宝贵的典型案例。 |
| ● |
| 相关链接 |
|
|
|
正题名:钢铁记忆与遗产重生
索取号:TU2/57
 
预约/预借
| 序号 | 登录号 | 条形码 | 馆藏地/架位号 | 状态 | 备注 |
| 1 | 2001048010 | 2001048010 | 中教第一批/山东中教(第一批)/453/ [索取号:TU2/57] | 在馆 | |
| 2 | 2001048011 | 2001048011 | 中教第一批/山东中教(第一批)/453/ [索取号:TU2/57] | 在馆 | |
| 3 | 2001048012 | 2001048012 | 中教第一批/山东中教(第一批)/453/ [索取号:TU2/57] | 在馆 | |
| 4 | 2001048013 | 2001048013 | 中教第一批/山东中教(第一批)/453/ [索取号:TU2/57] | 在馆 | |
| 5 | 2001048014 | 2001048014 | 中教第一批/山东中教(第一批)/453/ [索取号:TU2/57] | 在馆 | |
| 6 | 2001048015 | 2001048015 | 中教第一批/山东中教(第一批)/453/ [索取号:TU2/57] | 在馆 |